Fourth annual report of Lyonchhen Jigme Yoeser Thinley to the ninth session of the First Parliament on the state of the nation / (Record no. 2526)

MARC details
000 -LEADER
fixed length control field 00892nam a2200217 4500
001 - CONTROL NUMBER
control field 3135
005 - DATE AND TIME OF LATEST TRANSACTION
control field 20181127170542.0
010 00 - LIBRARY OF CONGRESS CONTROL NUMBER
LC control number
020 00 - INTERNATIONAL STANDARD BOOK NUMBER
International Standard Book Number
090 00 - LOCALLY ASSIGNED LC-TYPE CALL NUMBER (OCLC); LOCAL CALL NUMBER (RLIN)
Classification number (OCLC) (R) ; Classification number, CALL (RLIN) (NR) 954.98 S79711third 2011
100 00 - MAIN ENTRY--PERSONAL NAME
Personal name Thinley, Lyonchhen Jigme Yoeser.
240 ## - UNIFORM TITLE
Uniform title Bhutan. Annual report.
Medium
Language of a work
Date of a work
Form subheading
Medium of performance for music
Number of part/section of a work
Arranged statement for music
Name of part/section of a work
Key for music
Version
245 00 - TITLE STATEMENT
Title Fourth annual report of Lyonchhen Jigme Yoeser Thinley to the ninth session of the First Parliament on the state of the nation /
Remainder of title
Statement of responsibility, etc. Lyonchhen Jigme Yoeser Thinley.
Medium
260 00 - PUBLICATION, DISTRIBUTION, ETC.
Place of publication, distribution, etc. Thimphu :
Name of publisher, distributor, etc. Cabinet Secretariat,
Date of publication, distribution, etc. 2012.
300 00 - PHYSICAL DESCRIPTION
Extent 123 p.
500 00 - GENERAL NOTE
General note "9th July 2012"
650 00 - SUBJECT ADDED ENTRY--TOPICAL TERM
Topical term or geographic name entry element
General subdivision
Topical term or geographic name entry element
General subdivision
Topical term or geographic name entry element Bhutan.
General subdivision
856 ## - ELECTRONIC LOCATION AND ACCESS
Host name
Uniform Resource Identifier <a href="http://www.anti-corruption.org.bt/sites/default/files/The%20state%20of%20the%20nation%20(English).pdf">http://www.anti-corruption.org.bt/sites/default/files/The%20state%20of%20the%20nation%20(English).pdf</a>
Link text Fourth annual report of Lyonchhen Jigme Yoeser Thinley to the ninth session of the first Parliament on the state of the nation
Public note
Materials specified
Holdings
Withdrawn status Lost status Source of classification or shelving scheme Damaged status Not for loan Collection code Home library Current library Shelving location Serial Enumeration / chronology Inventory number Total Checkouts Full call number Barcode Date last seen Date last checked out Copy number Price effective from Koha item type
    Dewey Decimal Classification     Main TEST RTC Library RTC Library Main opac 5502 1 954.98 ROY 30004913 13/05/2019 08/05/2019 3 27/11/2018 Main
    Dewey Decimal Classification     Main TEST RTC Library RTC Library Main opac 5504   954.98 ROY 30004943 27/11/2018   1 27/11/2018 Main
    Dewey Decimal Classification     Main TEST RTC Library RTC Library Main opac 5503   954.98 ROY 30004938 27/11/2018   2 27/11/2018 Main
    Dewey Decimal Classification     Main TEST RTC Library RTC Library Main opac 5560   954.98 ROY 30001337 27/11/2018   4 27/11/2018 Main
Royal Thimphu College || All Right Reserved